Capitals that Make up the Most of Their Country's Population - Statistics

General Stats
  • This quiz has been taken 1,443 times
  • The average score is 7 of 20
Answer Stats
% Country Capital % Correct
100 Vatican City Vatican City
95%
100 Monaco Monaco
89%
100 Singapore Singapore
82%
35 Kuwait Kuwait City
47%
92 Qatar Doha
39%
36 Iceland Reykjavik
36%
37 Saint Vincent and the Grenadines Kingstown
31%
55 Djibouti Djibouti
30%
66 Bahamas Nassau
27%
39 Barbados Bridgetown
24%
35 Lebanon Beirut
21%
40 Uruguay Montevideo
20%
35 Latvia Riga
19%
40 Jordan Amman
17%
45 Tuvalu Funafuti
16%
47 Suriname Paramaribo
16%
36 Chile Santiago
16%
36 Armenia Yerevan
12%
48 Marshall Islands Majuro
11%
39 R. Congo Brazzaville
4%
No matching quizzes found
Score Distribution
Percent of People with Each Score
Percentile by Number Answered
Your Score History
You have not taken this quiz